[Event "OLNN 2122 SK Doppelbauer Turm Kiel II -"]
[Site "?"]
[Date "2021.12.12"]
[Round "3.1"]
[White "Pfreundt, Jakob"]
[Black "Arndt, Magnus"]
[Result "0-1"]
[WhiteElo "2398"]
[BlackElo "2341"]
[PlyCount "110"]
[EventDate "2021.??.??"]

1. Nf3 Nf6 2. c4 e6 3. Nc3 d5 4. e3 Be7 5. b3 b6 6. cxd5 exd5 7. Bb2 Bb7 8. d4
O-O 9. Bd3 Nbd7 10. Qc2 a6 11. O-O Bd6 12. Rac1 Re8 13. Ne2 Qe7 14. Ne5 g6 15.
Nf4 Rac8 16. Nc6 Qf8 17. g3 Nb8 18. Nxb8 Rxb8 19. Qe2 Qh6 20. Rfe1 Ra8 21. Bb1
Bc8 22. f3 a5 23. a4 Qg5 24. Qf2 h5 25. h4 Qh6 26. Nd3 Bf5 27. Ne5 Bxb1 28.
Rxb1 Re7 29. e4 dxe4 30. fxe4 Bxe5 31. dxe5 Ng4 32. Qf3 Rd8 33. Rbd1 Red7 34.
Rd5 c6 35. Rxd7 Rxd7 36. e6 fxe6 37. Qc3 c5 38. Qc4 Qd2 39. Qe2 Qxe2 40. Rxe2
Rd3 41. Kg2 Rxb3 42. Rd2 Ne3+ 43. Kh3 Kf7 44. Bc1 Rc3 45. Rf2+ Ke8 46. Bxe3
Rxe3 47. Rb2 Rxe4 48. Rxb6 Rxa4 49. Rxe6+ Kf8 50. Rc6 Rc4 51. Kg2 a4 52. Ra6
Rb4 53. Kf3 c4 54. Ke4 c3+ 55. Ke5 Rc4 0-1

[Event "OLNN 2122 SK Doppelbauer Turm Kiel II -"]
[Site "?"]
[Date "2021.12.12"]
[Round "3.2"]
[White "Boe, Mads"]
[Black "Zimmermann, Julian"]
[Result "0-1"]
[WhiteElo "2267"]
[BlackElo "2284"]
[PlyCount "76"]
[EventDate "2021.??.??"]

1. d4 Nf6 2. Nf3 e6 3. Bf4 c5 4. c3 Nc6 5. e3 d5 6. Nbd2 Be7 7. h3 Bd6 8. Ne5
O-O 9. Ndf3 cxd4 10. exd4 Nh5 11. Bh2 f6 12. Nd3 Qc7 13. Bxd6 Qxd6 14. Nh2 g6
15. Be2 Ng7 16. O-O e5 17. dxe5 fxe5 18. Qd2 h5 19. Rad1 Be6 20. Qe3 d4 21.
cxd4 exd4 22. Qg5 Bxa2 23. Qb5 a6 24. Qc5 Rad8 25. Qxd6 Rxd6 26. Nc5 Ne6 27.
Nxb7 Rd7 28. Ra1 Bd5 29. Na5 Ne5 30. Rfd1 Bxg2 31. Kxg2 Nf4+ 32. Kf1 Nxh3 33.
f3 d3 34. Bxd3 Rxd3 35. Rxd3 Nxd3 36. Nc4 Nhf4 37. Rxa6 Re8 38. Kg1 Re2 0-1

[Event "OLNN 2122 SK Doppelbauer Turm Kiel II -"]
[Site "?"]
[Date "2021.12.12"]
[Round "3.5"]
[White "Borgmeyer, Max"]
[Black "Boehm, Thomas"]
[Result "1/2-1/2"]
[WhiteElo "2175"]
[BlackElo "2154"]
[PlyCount "115"]
[EventDate "2021.??.??"]

1. e4 d5 2. exd5 Qxd5 3. Nc3 Qa5 4. d4 Nf6 5. Bc4 Bg4 6. f3 Bf5 7. Nge2 Nbd7 8.
Bd2 Qb6 9. O-O e6 10. Kh1 c6 11. Bb3 Bd6 12. Bf4 Qc7 13. Bxd6 Qxd6 14. Qe1 Rd8
15. Rd1 O-O 16. Ng3 Bg6 17. Nce4 Qf4 18. c3 Nd5 19. Ne2 Qh6 20. Rg1 N7f6 21.
N2g3 Rfe8 22. Nxf6+ Nxf6 23. Qf2 Nd5 24. Rge1 Qf4 25. a3 h5 26. Nf1 Nf6 27. Kg1
Nd5 28. Re5 Qf6 29. Bxd5 Rxd5 30. Rde1 Red8 31. Nd2 b6 32. Nc4 Rc8 33. Rxd5
exd5 34. Ne5 Bf5 35. Qd2 Re8 36. Qf4 Re6 37. Kf2 g5 38. Qd2 Kg7 39. Nd7 Qd8 40.
Rxe6 Bxe6 41. Ne5 f6 42. Nd3 Qd6 43. g3 Bf5 44. Ne1 Qe6 45. Ng2 Bg6 46. h4 Qf5
47. Qe3 Kf7 48. hxg5 fxg5 49. f4 Qc2+ 50. Qe2 Qxe2+ 51. Kxe2 Be4 52. Ne3 h4 53.
Kf2 gxf4 54. gxf4 Kg6 55. Kg1 Bf5 56. Kg2 Kf6 57. Kf3 Ke6 58. Kg2 1/2-1/2

[Event "OLNN 2122 SK Doppelbauer Turm Kiel II -"]
[Site "?"]
[Date "2021.12.12"]
[Round "3.6"]
[White "Rieper, Julian"]
[Black "Lampe, Joerg"]
[Result "1-0"]
[WhiteElo "2122"]
[BlackElo "2116"]
[PlyCount "73"]
[EventDate "2021.??.??"]

1. e4 c5 2. Nf3 Nc6 3. d4 cxd4 4. Nxd4 Nf6 5. Nc3 e5 6. Ndb5 d6 7. Bg5 a6 8.
Na3 b5 9. Bxf6 gxf6 10. Nd5 f5 11. Bd3 Be6 12. Qh5 Bg7 13. O-O f4 14. c4 bxc4
15. Bxc4 Nd4 16. Rac1 Rc8 17. Bxa6 Rxc1 18. Rxc1 O-O 19. Nb5 Nxb5 20. Bxb5 Bxd5
21. exd5 f5 22. b4 e4 23. Ba6 e3 24. fxe3 Qb6 25. Qe2 fxe3 26. a3 f4 27. Bd3
Qd4 28. h3 Kh8 29. Rc7 Qxd5 30. Qg4 Qe5 31. Qh4 h6 32. Qg4 f3 33. gxf3 e2 34.
Bxe2 Rg8 35. Kf2 Qa1 36. Rc4 Bd4+ 37. Qxd4+ 1-0

[Event "OLNN 2122 SK Doppelbauer Turm Kiel II -"]
[Site "?"]
[Date "2021.12.12"]
[Round "3.7"]
[White "Hloskovsky, Andrei"]
[Black "Zeller, Joerg"]
[Result "1-0"]
[WhiteElo "2043"]
[BlackElo "2163"]
[PlyCount "79"]
[EventDate "2021.??.??"]

1. e4 c5 2. Nc3 Nc6 3. g3 g6 4. Bg2 Bg7 5. d3 d6 6. Be3 Nf6 7. h3 O-O 8. Qd2
Re8 9. f4 e5 10. fxe5 Nxe5 11. Nge2 Be6 12. O-O d5 13. Bf4 Nc6 14. e5 Nd7 15.
Bg5 Qb8 16. Nxd5 Bxe5 17. Nef4 Qd6 18. c3 Rac8 19. Nxe6 fxe6 20. Nf4 Bg7 21.
Rae1 Nde5 22. d4 Nf7 23. Nd3 cxd4 24. c4 b6 25. b4 Ncd8 26. c5 Qxg3 27. Bf4 Qh4
28. Re4 Qh5 29. Rfe1 g5 30. Be5 Nxe5 31. Nxe5 bxc5 32. Bf3 Qxh3 33. Qxg5 Qf5
34. Qg3 Kh8 35. Rg4 Rg8 36. Ng6+ hxg6 37. Qh3+ Qh5 38. Rh4 Bh6 39. Bxh5 gxh5+
40. Kh1 1-0

[Event "OLNN 2122 SK Doppelbauer Turm Kiel II -"]
[Site "?"]
[Date "2021.12.12"]
[Round "3.8"]
[White "Farokhi, Keyvan"]
[Black "Moehrmann, Marcus"]
[Result "1-0"]
[WhiteElo "2272"]
[BlackElo "2042"]
[PlyCount "89"]
[EventDate "2021.??.??"]

1. e4 e5 2. Nf3 Nc6 3. Bc4 Nf6 4. d3 Bc5 5. O-O a6 6. c3 Ba7 7. Nbd2 O-O 8. h3
d6 9. Bb3 Be6 10. Bc2 b5 11. Re1 d5 12. exd5 Nxd5 13. Nxe5 Nxe5 14. Rxe5 Nf4
15. Qf3 Qf6 16. d4 c5 17. Ne4 Nxh3+ 18. Qxh3 Bxh3 19. Nxf6+ gxf6 20. Rh5 Bg4
21. Bxh7+ Kg7 22. Rh4 Rfe8 23. Rxg4+ Kxh7 24. Be3 cxd4 25. cxd4 Rac8 26. g3 f5
27. Rg5 f6 28. Rh5+ Kg6 29. Rh6+ Kg7 30. Rh4 Rc2 31. b3 Kg6 32. Kf1 Re4 33. a4
b4 34. Rd1 Rxh4 35. gxh4 Kh5 36. d5 Bxe3 37. fxe3 Kxh4 38. d6 Rc8 39. d7 Rd8
40. Kf2 Kg5 41. Kf3 f4 42. Rd5+ f5 43. e4 Kf6 44. exf5 Kg5 45. a5 1-0

[Event "OLNN 2122 SK Johanneum Eppendorf - Lüb"]
[Site "?"]
[Date "2021.12.12"]
[Round "3.1"]
[White "Kalinitschew, Sergey"]
[Black "Wessman, Richard"]
[Result "0-1"]
[WhiteElo "2413"]
[BlackElo "2417"]
[PlyCount "114"]
[EventDate "2021.??.??"]

1. Nf3 d5 2. d4 Nf6 3. c4 c6 4. Nbd2 Bf5 5. g3 e6 6. Bg2 Bd6 7. Qb3 Qc8 8. Nh4
Bg4 9. h3 Bh5 10. g4 Bg6 11. Nxg6 hxg6 12. g5 Ng8 13. e4 Ne7 14. h4 a5 15. a3
a4 16. Qe3 Nd7 17. Qe2 Bf4 18. Nf3 Qc7 19. O-O O-O 20. Re1 Nb6 21. cxd5 cxd5
22. exd5 Nbxd5 23. Ne5 Rac8 24. h5 Bxc1 25. Raxc1 Qxc1 26. Rxc1 Rxc1+ 27. Kh2
gxh5 28. Bxd5 Nxd5 29. Qxh5 Rc2 30. Kg3 Rxb2 31. g6 Rb3+ 32. Kh2 fxg6 33. Nxg6
Rxf2+ 34. Kg1 Rf5 35. Qh8+ Kf7 36. Ne5+ Rxe5 37. dxe5 Rxa3 38. Qh5+ Ke7 39.
Qg5+ Kd7 40. Qxg7+ Ne7 41. Qf8 Rb3 42. Qb8 a3 43. Qa7 Nc6 44. Qa4 Rb1+ 45. Kg2
Rb2+ 46. Kg3 a2 47. Qd1+ Kc8 48. Qa4 Nxe5 49. Qa8+ Kd7 50. Kf4 Nc6 51. Ke4 Kc7
52. Kf4 b5 53. Kg5 b4 54. Qa4 b3 55. Qf4+ e5 56. Qf7+ Kb6 57. Qf1 Rg2+ 0-1

[Event "OLNN 2122 SK Johanneum Eppendorf - Lüb"]
[Site "?"]
[Date "2021.12.12"]
[Round "3.2"]
[White "Schroeder, Christoph"]
[Black "Kreuzholz, Michael"]
[Result "0-1"]
[WhiteElo "2148"]
[BlackElo "2324"]
[PlyCount "166"]
[EventDate "2021.??.??"]

1. e4 c5 2. Nf3 Nc6 3. d4 cxd4 4. Nxd4 Nf6 5. Nc3 d6 6. Bg5 e6 7. Qd2 a6 8.
O-O-O Bd7 9. f3 Nxd4 10. Qxd4 Bc6 11. Kb1 h6 12. Be3 d5 13. exd5 Nxd5 14. Nxd5
Qxd5 15. Bc4 Qxd4 16. Bxd4 O-O-O 17. Be5 Rxd1+ 18. Rxd1 Rg8 19. c3 Be7 20. Kc2
g5 21. Rd2 g4 22. f4 b5 23. Bf1 g3 24. h3 Bc5 25. a4 Be3 26. Rd6 Kb7 27. a5 Bc5
28. Rd2 Bd5 29. Bd4 Bd6 30. Be3 f5 31. Bd3 Rf8 32. b3 Bc7 33. b4 Kc6 34. Re2 h5
35. Bd2 Bd6 36. Kb2 Kd7 37. Bc2 Rc8 38. Bc1 h4 39. Bd2 Bc4 40. Re1 Bd5 41. Re2
Bf8 42. Bd3 Bg7 43. Kc2 Bd4 44. Be1 Kd6 45. Kb2 Bg7 46. Bd2 Rc7 47. Kc2 Bd4 48.
Be1 Ba7 49. Kb2 Rg7 50. Kc2 Bf3 51. Kd2 Bxe2 52. Kxe2 Kd5 53. Bd2 e5 54. Bxf5
exf4 55. Bc8 Be3 56. Be1 Rg6 57. Bb7+ Kc4 58. Bc8 Rf6 59. Bg4 Kb3 60. Kd3 Rd6+
61. Ke2 Bc1 62. Bh5 Rd7 63. Bg4 Re7+ 64. Kd1 Be3 65. Bf3 Rd7+ 66. Ke2 Kc2 67.
Be4+ Kc1 68. c4 bxc4 69. Bc3 Re7 70. Kf3 Bd2 71. Bf6 Re6 72. Bxh4 Bxb4 73. Bd5
Re3+ 74. Kxf4 Bd2 75. Kg4 c3 76. Bb3 Re4+ 77. Kh5 Bf4 78. Bf6 Kd2 79. h4 Rb4
80. Bxc3+ Kxc3 81. Bd1 Bc7 82. Be2 Ra4 83. Kg6 Rxh4 0-1

[Event "OLNN 2122 SK Johanneum Eppendorf - Lüb"]
[Site "?"]
[Date "2021.12.12"]
[Round "3.3"]
[White "Schmidt, Harald"]
[Black "Zart, Ruediger"]
[Result "1/2-1/2"]
[WhiteElo "2348"]
[BlackElo "2139"]
[PlyCount "116"]
[EventDate "2021.??.??"]

1. Nf3 d5 2. g3 c6 3. Bg2 Nf6 4. b3 Bg4 5. Bb2 Nbd7 6. c4 e6 7. O-O Bd6 8. d4
O-O 9. Nbd2 Qe7 10. Re1 Ba3 11. Qc1 Bxb2 12. Qxb2 Rfe8 13. b4 h6 14. a3 Bf5 15.
Ne5 dxc4 16. Nexc4 Bh7 17. Rac1 e5 18. Na5 Rab8 19. Ndc4 e4 20. Red1 Nb6 21. e3
Bf5 22. b5 Nxc4 23. Nxc4 cxb5 24. Qxb5 Bg4 25. Rd2 Red8 26. Rdc2 Rd5 27. Qb2
Rc8 28. Ne5 Rxc2 29. Qxc2 Bf5 30. Qb2 g5 31. Bf1 Be6 32. Bc4 Rd6 33. Bxe6 Rxe6
34. Rc8+ Kg7 35. Qc3 Nd5 36. Qc2 Qxa3 37. Qxe4 Qa2 38. h4 Rf6 39. Ng4 Re6 40.
Qf3 h5 41. Ne5 Rf6 42. Qg2 g4 43. Rc5 Nc3 44. Nd7 Rf3 45. Rg5+ Kh6 46. Ne5 Ne2+
47. Kh1 Nxg3+ 48. fxg3 Rf2 49. Nxf7+ Qxf7 50. Qd5 Rf1+ 51. Kh2 Qf2+ 52. Qg2 Qe1
53. Rxh5+ Kxh5 54. Qd5+ Kg6 55. Qe6+ Rf6 56. Qg8+ Kf5 57. e4+ Qxe4 58. Qh7+ Rg6
1/2-1/2

[Event "OLNN 2122 SK Johanneum Eppendorf - Lüb"]
[Site "?"]
[Date "2021.12.12"]
[Round "3.4"]
[White "Behrhorst, Frank"]
[Black "Ehrke, Michael"]
[Result "1/2-1/2"]
[WhiteElo "2227"]
[BlackElo "2239"]
[PlyCount "86"]
[EventDate "2021.??.??"]

1. d4 d5 2. c4 Bf5 3. Nc3 e6 4. Nf3 c6 5. cxd5 exd5 6. Bf4 Nf6 7. e3 Be7 8. Bd3
Bg6 9. h3 Nbd7 10. O-O O-O 11. Rb1 a5 12. Bxg6 hxg6 13. Qd3 Re8 14. Rbc1 a4 15.
Rfd1 Bb4 16. Bg5 Qa5 17. Bxf6 gxf6 18. g4 Kg7 19. Ne2 Qd8 20. Kg2 Qe7 21. Ng3
Bd6 22. Rh1 Bxg3 23. Kxg3 Rh8 24. Kg2 Nf8 25. Ng1 Re8 26. Ne2 Ne6 27. Ng3 Ng5
28. f4 Ne4 29. Nxe4 Qxe4+ 30. Qxe4 Rxe4 31. Rc3 g5 32. f5 Ra8 33. Kf3 Ra5 34.
Rhc1 Re8 35. Rc5 Rxc5 36. Rxc5 Ra8 37. Rc2 Kf8 38. h4 gxh4 39. Rh2 Ra5 40. Rxh4
Rb5 41. Rh2 Kg7 42. Rc2 Rb4 43. Kf4 Kh6 1/2-1/2

[Event "OLNN 2122 SK Johanneum Eppendorf - Lüb"]
[Site "?"]
[Date "2021.12.12"]
[Round "3.5"]
[White "Lampe, Dirk"]
[Black "Johannsen, Dennis"]
[Result "1-0"]
[WhiteElo "2156"]
[BlackElo "2121"]
[PlyCount "105"]
[EventDate "2021.??.??"]

1. e4 c6 2. d4 d5 3. e5 Bf5 4. Nd2 h6 5. Nb3 e6 6. Nf3 Ne7 7. Be2 Nd7 8. O-O
Qc7 9. Bd2 g5 10. Rc1 O-O-O 11. c4 dxc4 12. Na5 c3 13. Rxc3 Qxa5 14. Rxc6+ Nxc6
15. Bxa5 Nxa5 16. Qa4 Nc6 17. Rc1 Kb8 18. Rxc6 bxc6 19. Qxc6 Nb6 20. Ba6 Rd7
21. a4 Bb4 22. Qb5 g4 23. Qxb4 gxf3 24. a5 Be4 25. axb6 axb6 26. Qxb6+ Ka8 27.
Bb5 Rb7 28. Qa6+ Kb8 29. Qd6+ Rc7 30. g3 Bb7 31. h4 Kc8 32. Ba6 Rd8 33. Bxb7+
Rxb7 34. Qc6+ Kb8 35. Qxf3 Rxd4 36. Qe3 Rd1+ 37. Kg2 h5 38. Qf3 Rdd7 39. Qxh5
Rxb2 40. Qh8+ Kc7 41. Qf6 Rb4 42. Kh3 Rb8 43. h5 Rg8 44. g4 Kc6 45. Qf3+ Kc5
46. Kh4 Rd4 47. h6 Rh8 48. Kh5 Rd5 49. Qxf7 Rxe5+ 50. g5 Kd5 51. Qf6 Rc8 52. h7
Re1 53. Kg6 1-0

[Event "OLNN 2122 SK Johanneum Eppendorf - Lüb"]
[Site "?"]
[Date "2021.12.12"]
[Round "3.6"]
[White "Keyser, Robin"]
[Black "Bosselmann, Tom Linus"]
[Result "1-0"]
[WhiteElo "2085"]
[BlackElo "2075"]
[PlyCount "95"]
[EventDate "2021.??.??"]

1. d4 Nf6 2. c4 g6 3. g3 Bg7 4. Bg2 O-O 5. Nc3 d6 6. Nf3 Nc6 7. O-O e5 8. dxe5
dxe5 9. Bg5 Qe8 10. Nd5 Nxd5 11. cxd5 Ne7 12. Rc1 Qd7 13. e4 f6 14. Be3 b6 15.
Qb3 Kh8 16. Qc4 f5 17. Rfd1 fxe4 18. Qxe4 Qd6 19. Qc4 Nf5 20. Bd2 a5 21. Qxc7
h6 22. Qxd6 Nxd6 23. Rc6 Bg4 24. Rxd6 Bxf3 25. Bxf3 Rxf3 26. Rxb6 Rd3 27. d6
Rd8 28. Kf1 R8xd6 29. Rxd6 Rxd6 30. Ke2 Rb6 31. Bc3 Kg8 32. Rd8+ Kf7 33. Rd7+
Kf8 34. Rd5 e4 35. Rxa5 Bxc3 36. bxc3 Rb2+ 37. Ke3 Kf7 38. Ra6 Rc2 39. a4 Kg7
40. a5 Ra2 41. Ra8 Ra3 42. Kxe4 Rxc3 43. a6 Ra3 44. Ra7+ Kg8 45. Kd5 Ra2 46. f4
Rxh2 47. Rc7 Ra2 48. a7 1-0

[Event "OLNN 2122 SK Johanneum Eppendorf - Lüb"]
[Site "?"]
[Date "2021.12.12"]
[Round "3.7"]
[White "Bornholdt, Joa Max"]
[Black "Wenzel, Birger"]
[Result "1-0"]
[WhiteElo "2150"]
[BlackElo "1981"]
[PlyCount "63"]
[EventDate "2021.??.??"]

1. d4 Nf6 2. c4 e6 3. Nc3 Bb4 4. f3 Nc6 5. e4 d5 6. cxd5 exd5 7. e5 Ng8 8. Bb5
Nge7 9. Nge2 O-O 10. O-O a6 11. Ba4 h6 12. Ng3 f6 13. exf6 Rxf6 14. Bc2 Kh8 15.
Qd3 Qg8 16. Be3 Bd6 17. Qd2 Nf5 18. Nh5 Qe8 19. Nxf6 Qxe3+ 20. Qxe3 Nxe3 21.
Rae1 Bf5 22. Rxe3 Bxc2 23. Re8+ Rxe8 24. Nxe8 Bf8 25. Nxc7 Nxd4 26. Re1 Bc5 27.
Re8+ Kh7 28. Kh1 Nc6 29. Ne6 Bf2 30. Nxd5 Kg6 31. Nef4+ Kh7 32. Re2 1-0

[Event "OLNN 2122 SK Johanneum Eppendorf - Lüb"]
[Site "?"]
[Date "2021.12.12"]
[Round "3.8"]
[White "Ahmels, Volker"]
[Black "Staeblein, Christoph"]
[Result "1-0"]
[WhiteElo "2169"]
[BlackElo "2170"]
[PlyCount "81"]
[EventDate "2021.??.??"]

1. e4 e6 2. d4 d5 3. Nc3 Bb4 4. Nge2 dxe4 5. a3 Bxc3+ 6. Nxc3 Nc6 7. Be3 Nf6 8.
Qd2 e5 9. Bb5 exd4 10. Bxc6+ bxc6 11. Bxd4 Be6 12. O-O-O O-O 13. Qg5 Bd5 14.
Bxf6 Qxf6 15. Qxf6 gxf6 16. Nxd5 cxd5 17. Rxd5 Rfe8 18. Re1 Re6 19. Re3 Rae8
20. Rc5 c6 21. Rec3 Kg7 22. Rxc6 f5 23. Rxe6 Rxe6 24. g3 Kg6 25. Kd2 Kg5 26.
Rc7 Rb6 27. Rxa7 Rxb2 28. Rxf7 Ra2 29. Rg7+ Kf6 30. Ra7 Ra1 31. a4 Rf1 32. Ke2
Rc1 33. Rc7 Ra1 34. Rxh7 Rxa4 35. Rc7 Ra3 36. h4 Kg6 37. c3 Kh5 38. Rg7 Ra5 39.
Rg5+ Kh6 40. Ke3 Rd5 41. Kf4 1-0

[Event "OLNN 2122 SC Diogenes - Schachfreunde H"]
[Site "?"]
[Date "2021.12.12"]
[Round "3.1"]
[White "Hourigan, Gerrit"]
[Black "Schulenburg, Torben"]
[Result "1-0"]
[WhiteElo "2291"]
[BlackElo "2208"]
[PlyCount "113"]
[EventDate "2021.??.??"]

1. d4 Nf6 2. c4 g6 3. g3 d5 4. cxd5 Nxd5 5. Nf3 Bg7 6. Bg2 O-O 7. O-O Nb6 8.
Nc3 Nc6 9. e3 e5 10. d5 e4 11. dxc6 Qxd1 12. Rxd1 exf3 13. Bxf3 bxc6 14. Bd2
Be6 15. b3 Rad8 16. Rac1 Rd3 17. Be1 Rxd1 18. Rxd1 Bxc3 19. Bxc3 c5 20. Bc6 f6
21. Kg2 Kf7 22. h3 Rb8 23. g4 Ke7 24. f4 Nc8 25. Rc1 Rb6 26. Bf3 Ra6 27. Rc2
Nd6 28. e4 c4 29. Bb4 cxb3 30. axb3 Kd7 31. Rd2 Kc8 32. Bc3 f5 33. exf5 gxf5
34. b4 Ra3 35. Bd4 Kd7 36. Bc5 Rb3 37. g5 a6 38. Be2 Kc6 39. Bf3+ Kd7 40. h4
Rc3 41. Bb7 Bc4 42. h5 Bf7 43. h6 Rc4 44. Kg3 Rc3+ 45. Kg2 Rc4 46. Bxa6 Rxf4
47. Be2 Kc6 48. Bf3+ Kb5 49. Kg3 Rxb4 50. Bxb4 Kxb4 51. Kf4 Bg6 52. Rb2+ Kc3
53. Rb8 c5 54. Rb6 Nf7 55. Bd5 Kd4 56. Rxg6 Kxd5 57. Rg7 1-0

[Event "OLNN 2122 SC Diogenes - Schachfreunde H"]
[Site "?"]
[Date "2021.12.12"]
[Round "3.2"]
[White "Hochgraefe, Markus"]
[Black "Ritscher, Jan-Paul"]
[Result "1/2-1/2"]
[WhiteElo "2386"]
[BlackElo "2257"]
[PlyCount "51"]
[EventDate "2021.??.??"]

1. Nf3 d5 2. d4 e6 3. c4 f5 4. Bg5 Nf6 5. e3 Be7 6. Bd3 O-O 7. O-O Ne4 8. Bxe7
Qxe7 9. Qc2 c6 10. Nbd2 Nd7 11. Rab1 Qd6 12. b4 b6 13. Rfc1 Bb7 14. a4 Rfc8 15.
a5 Ba6 16. Qb3 Nxd2 17. Nxd2 dxc4 18. Nxc4 Bxc4 19. Bxc4 Kf7 20. Qd3 g6 21. e4
fxe4 22. Qxe4 Nf6 23. Qh4 Kg7 24. Re1 Re8 25. g3 Rad8 26. axb6 1/2-1/2

[Event "OLNN 2122 SC Diogenes - Schachfreunde H"]
[Site "?"]
[Date "2021.12.12"]
[Round "3.3"]
[White "Gremmel, Jonas Simon"]
[Black "Schulenburg, Fabian"]
[Result "0-1"]
[WhiteElo "2025"]
[BlackElo "2301"]
[PlyCount "116"]
[EventDate "2021.??.??"]

1. d4 d5 2. Nf3 Nf6 3. e3 Bf5 4. Bd3 Bxd3 5. Qxd3 c6 6. O-O Nbd7 7. b3 Ne4 8.
Bb2 e6 9. c4 Bd6 10. Nbd2 f5 11. Ne5 Qc7 12. Nxe4 fxe4 13. Qd1 O-O 14. Qg4 Rf6
15. f4 exf3 16. Nxd7 Qxd7 17. g3 Raf8 18. e4 Rg6 19. Qh4 Rf4 20. Qh5 dxe4 21.
Rae1 Qf7 22. Kf2 Rf5 23. Qh4 Qc7 24. c5 Qa5 25. Ke3 f2 26. Rc1 Rf3+ 27. Kxe4
Rgf6 28. Qg4 Qxa2 29. Qxf3 Rxf3 30. Kxf3 Qxb2 31. cxd6 Qxb3+ 32. Kxf2 Qd5 33.
Ke3 Qxd6 34. Rc5 b6 35. Re5 c5 36. Re4 h6 37. dxc5 Qxc5+ 38. Kf3 Qd5 39. Rfe1
a5 40. Kf4 Qf5+ 41. Ke3 b5 42. Kd4 Qd5+ 43. Kc3 Kf7 44. h4 Qc5+ 45. Kb2 Qf2+
46. R1e2 Qxg3 47. Rxe6 Qxh4 48. R6e5 Qd4+ 49. Kb3 a4+ 50. Ka3 Qc3+ 51. Ka2 b4
52. R5e4 b3+ 53. Kb1 a3 54. Re7+ Kg6 55. R7e6+ Kh7 56. Rxh6+ gxh6 57. Re7+ Qg7
58. Rxg7+ Kxg7 0-1

[Event "OLNN 2122 SC Diogenes - Schachfreunde H"]
[Site "?"]
[Date "2021.12.12"]
[Round "3.4"]
[White "Mach, Holger"]
[Black "Zimmermann, Martin"]
[Result "1/2-1/2"]
[WhiteElo "2218"]
[BlackElo "2139"]
[PlyCount "108"]
[EventDate "2021.??.??"]

1. e4 c5 2. Nc3 Nc6 3. Nge2 d6 4. d4 cxd4 5. Nxd4 e6 6. Be3 Nf6 7. Bd3 Be7 8.
O-O Nxd4 9. Bxd4 e5 10. Be3 O-O 11. Kh1 Be6 12. f4 Ng4 13. Bd2 exf4 14. Bxf4
Bf6 15. Qe1 Bh4 16. Qd2 Ne5 17. Rad1 Qb6 18. b3 a6 19. Be2 Rac8 20. Na4 Qc6 21.
Qxd6 Qxd6 22. Rxd6 Ng6 23. c4 Nxf4 24. Rxf4 Be7 25. Rd1 Rc6 26. Nc3 Bg5 27.
Rff1 Re8 28. Rd3 Bc8 29. Bf3 Rh6 30. Rfd1 Bf4 31. h3 Kf8 32. Rd8 Bc7 33. Rxe8+
Kxe8 34. Nd5 Be5 35. Ne3 Rc6 36. Bg4 Bxg4 37. Nxg4 Bg3 38. Ne3 g6 39. Rd3 h5
40. Nd5 h4 41. Kg1 Re6 42. Kf1 Kf8 43. Re3 Be5 44. Ke1 Bd4 45. Re2 Re5 46. Kd2
Rg5 47. Nb4 Rg3 48. Nd3 Ke7 49. Ne1 Bc3+ 50. Kd1 Bxe1 51. Kxe1 Ke6 52. Kf2 Rc3
53. Re3 Rc2+ 54. Re2 Rc3 1/2-1/2

[Event "OLNN 2122 SC Diogenes - Schachfreunde H"]
[Site "?"]
[Date "2021.12.12"]
[Round "3.5"]
[White "Dietz, Juergen"]
[Black "Laqua, Christian"]
[Result "1/2-1/2"]
[WhiteElo "2134"]
[BlackElo "2100"]
[PlyCount "57"]
[EventDate "2021.??.??"]

1. f4 d5 2. Nf3 Nh6 3. b3 Nf5 4. e3 Nd7 5. c4 e6 6. Qc2 Nf6 7. Bd3 c6 8. O-O
Be7 9. Nc3 O-O 10. Re1 d4 11. Bxf5 dxc3 12. Bd3 cxd2 13. Bxd2 g6 14. Rad1 Nd7
15. Bc3 Bf6 16. e4 Qc7 17. e5 Be7 18. h4 Rd8 19. Bf1 b6 20. Ng5 Bb7 21. g3 Nf8
22. Ne4 c5 23. Bg2 Rxd1 24. Rxd1 Rd8 25. Rd2 Rxd2 26. Qxd2 Bxe4 27. Bxe4 h5 28.
Qd3 Qd7 29. Qxd7 1/2-1/2

[Event "OLNN 2122 SC Diogenes - Schachfreunde H"]
[Site "?"]
[Date "2021.12.12"]
[Round "3.6"]
[White "Gottuk, Stefan"]
[Black "Mix, Clemens"]
[Result "1/2-1/2"]
[WhiteElo "2159"]
[BlackElo "1982"]
[PlyCount "93"]
[EventDate "2021.??.??"]

1. d4 Nf6 2. Bf4 d5 3. e3 c5 4. c3 Nc6 5. Nd2 e6 6. Bd3 Bd6 7. Bxd6 Qxd6 8. f4
cxd4 9. cxd4 Bd7 10. a3 a6 11. Ngf3 Ne7 12. Ne5 Bb5 13. O-O Bxd3 14. Nxd3 O-O
15. h3 Rfc8 16. Qb3 b6 17. Rfc1 Nf5 18. Kf2 h5 19. g3 g6 20. Rc3 Rxc3 21. Qxc3
Ne7 22. Rc1 Rc8 23. Qb4 Qxb4 24. Rxc8+ Nxc8 25. Nxb4 a5 26. Na2 Nd6 27. Nc3 Kf8
28. b3 Ke7 29. Kf3 Kd7 30. g4 hxg4+ 31. hxg4 Kc6 32. g5 Nd7 33. Ke2 Nb5 34.
Ndb1 Nxc3+ 35. Nxc3 b5 36. Kd3 Nb6 37. a4 bxa4 38. Nxa4 Nxa4 39. bxa4 Kd6 40.
Kc3 Ke7 41. Kd3 Kd6 42. e4 Ke7 43. Ke3 Kd6 44. Kf3 Ke7 45. exd5 exd5 46. Kg4
f5+ 47. Kf3 1/2-1/2

[Event "OLNN 2122 SF Schwerin - Hamburger SK II"]
[Site "?"]
[Date "2022.03.06"]
[Round "6.1"]
[White "Colpe, Malte"]
[Black "Hilwerda, Jonas"]
[Result "1/2-1/2"]
[WhiteElo "2358"]
[BlackElo "2267"]
[PlyCount "86"]
[EventDate "2022.??.??"]

1. d4 Nf6 2. c4 g6 3. g3 Bg7 4. Bg2 d5 5. cxd5 Nxd5 6. e4 Nb6 7. Ne2 c5 8. d5
e6 9. O-O exd5 10. exd5 O-O 11. Nec3 Bf5 12. Na3 Qd7 13. Re1 Na6 14. Be3 Rac8
15. Qd2 Nb4 16. Bh6 Rfe8 17. Bxg7 Kxg7 18. Rad1 Bg4 19. Rc1 Rxe1+ 20. Rxe1 Rd8
21. Qg5 f6 22. Qe3 N6xd5 23. Nxd5 Nxd5 24. Qxc5 b6 25. Qd4 Nc7 26. Qb4 Re8 27.
Rc1 Re7 28. Nc4 Ne8 29. Ne3 Be6 30. b3 Qd6 31. Qa4 Bf7 32. Rd1 Qc5 33. Qd4 Qxd4
34. Rxd4 Nc7 35. Rd8 Be6 36. Bc6 Bh3 37. b4 Ne6 38. Rd6 Ng5 39. Bg2 Bxg2 40.
Kxg2 Nf7 41. Rc6 Ne5 42. Rd6 Rd7 43. Rxd7+ Nxd7 1/2-1/2

[Event "OLNN 2122 SF Schwerin - Hamburger SK II"]
[Site "?"]
[Date "2022.03.06"]
[Round "6.2"]
[White "Reichmann, Hendrik"]
[Black "Bracker, Arne"]
[Result "1/2-1/2"]
[WhiteElo "2334"]
[BlackElo "2284"]
[PlyCount "35"]
[EventDate "2022.??.??"]

1. d4 Nf6 2. Nf3 d5 3. e3 e6 4. Bd3 b6 5. b3 Bb7 6. Bb2 Bd6 7. Ne5 O-O 8. O-O
c5 9. c4 Nc6 10. Nxc6 Bxc6 11. Nd2 Qc7 12. h3 cxd4 13. cxd5 Bxd5 14. Bxd4 Bh2+
15. Kh1 Be5 16. Rc1 Qb8 17. Bxe5 Qxe5 18. Qe2 1/2-1/2

[Event "OLNN 2122 SF Schwerin - Hamburger SK II"]
[Site "?"]
[Date "2022.03.06"]
[Round "6.4"]
[White "Grahl, Arvid"]
[Black "Kugler, Florian"]
[Result "1/2-1/2"]
[WhiteElo "2155"]
[BlackElo "2210"]
[PlyCount "95"]
[EventDate "2022.??.??"]

1. d4 Nf6 2. c4 g6 3. Nc3 d5 4. Nf3 Bg7 5. Bf4 O-O 6. e3 c5 7. dxc5 Qa5 8. Rc1
dxc4 9. Bxc4 Qxc5 10. Bb3 Nc6 11. O-O Qh5 12. h3 e5 13. Bh2 Rd8 14. Nd2 Qh4 15.
Qe2 Bf5 16. Nf3 Qb4 17. Rfd1 Qe7 18. Qb5 a6 19. Qb6 Nd7 20. Qxb7 Na5 21. Qd5
Nxb3 22. Qxb3 Rab8 23. Nd5 Qf8 24. Qc3 Be4 25. Ng5 Bxd5 26. Rxd5 h6 27. Nf3 e4
28. Nd4 Rbc8 29. Qd2 Nb6 30. Rxd8 Qxd8 31. Rxc8 Qxc8 32. Bg3 Qc4 33. b3 Qc5 34.
Qe2 a5 35. Qa6 a4 36. bxa4 Bxd4 37. exd4 Qxd4 38. Qb5 Nc4 39. Kh2 Kh7 40. Qe8
Qd5 41. a5 e3 42. fxe3 Nd2 43. Be5 Nf3+ 44. gxf3 Qd2+ 45. Kh1 Qe1+ 46. Kg2 Qe2+
47. Kg3 Qe1+ 48. Kg2 1/2-1/2

[Event "OLNN 2122 SF Schwerin - Hamburger SK II"]
[Site "?"]
[Date "2022.03.06"]
[Round "6.5"]
[White "Zieher, Hartmut"]
[Black "Heinsohn, Wilfried"]
[Result "1/2-1/2"]
[WhiteElo "2112"]
[BlackElo "2129"]
[PlyCount "81"]
[EventDate "2022.??.??"]

1. e4 d5 2. exd5 Qxd5 3. d4 Nf6 4. Nf3 Bg4 5. Be2 e6 6. h3 Bh5 7. c4 Qd8 8. Qb3
Qc8 9. Nc3 Be7 10. O-O O-O 11. Be3 Nbd7 12. Rad1 c6 13. Rfe1 Qc7 14. d5 exd5
15. cxd5 Nxd5 16. Nxd5 cxd5 17. Qxd5 Nf6 18. Qb3 b5 19. g4 Bg6 20. g5 Ne4 21.
Qxb5 Bd6 22. Qc4 Qe7 23. Kg2 Rab8 24. b3 Bb4 25. Rg1 Nc3 26. Rd2 Nxe2 27. Rxe2
Qb7 28. Bf4 Rbc8 29. Qd4 Bh5 30. Qe4 Qb5 31. a4 Qb6 32. Rc1 f6 33. Re3 Bc5 34.
Ree1 fxg5 35. Nxg5 Bg6 36. Qe6+ Kh8 37. Qxb6 Bxb6 38. Rxc8 Rxc8 39. Rc1 Rxc1
40. Bxc1 Bc2 41. Bd2 1/2-1/2